000
00322 a2200121 4500
001
ART_17545
005
20260410161750.0
008
260409a
245
1
0
_a
The necessary revolution
100
1
_a
Senge, Perter M.
700
1
_a
Smith, Bryan
773
0
_t
Book Summary
_g
- NÂș 12 (ene. 2009)
_w
REV4099
999
_c
19597
_d
19597